01018cam a2200277 i 4500001000700000003000900007005001700016008004100033040003800074082002100112100004700133245004900180264003800229300002800267336002600295337002800321338002700349504005200376650004500428650004400473650002700517655001700544942001200561999001700573952015000590284357EG-ScBUE20230807133326.0731001s1967 enk f b 001 0 eng d aDLCbengerdacDLCdDLCdEG-ScBUE04a909.825222bHAL1 aHalle, Louis Joseph,d1910-eauthor.9978314aThe cold war as history/cby Louis J. Halle. 1aLondon :bChatto & Windus,c1967. axiv, 434 pages ;c23 cm 2rdacontentatextbtxt 2rdamediaaunmediatedbn 2rdacarrieravolumebnc aIncludes bibliographical references and index.  7aHistory, Moderny1945-1989.2BUEsh99784 7aWorld politicsy1945-1989.2BUEsh99394 7aCold War.2BUEsh99785 vReading book 2ddccBB c13009d13009 00102ddc40708Donation-GaMAINbMAINc2NDd2009-12-09eDonationl2m1o909.825 HALp000018384r2025-07-15 00:00:00s2012-02-28w2009-12-09yBB